Placas, dedicatorias y estatuas en las calles de Toledo (Record no. 178874)
[ view plain ]
| 000 -LEADER | |
|---|---|
| campo de control de longitud fija | 01372nam a2200325 4500 |
| 001 - NÚMERO DE CONTROL | |
| campo de control | 178874 |
| 003 - IDENTIFICADOR DE NÚMERO DE CONTROL | |
| campo de control | ES-MaACL |
| 005 - FECHA Y HORA DE LA ÚLTIMA TRANSACCIÓN | |
| campo de control | 20230909102749.0 |
| 008 - DATOS DE LONGITUD FIJA--INFORMACIÓN GENERAL | |
| campo de control de longitud fija | 110721s2009 sp acop |||| |dspa d |
| 020 ## - NÚMERO INTERNACIONAL ESTÁNDAR DEL LIBRO | |
| Número Internacional Estándar del Libro | 978-84-937444-0-3 |
| 080 ## - NÚMERO DE LA CLASIFICACIÓN DECIMAL UNIVERSAL | |
| Número de la Clasificación Decimal Universal | 725.945(460.285 T.) |
| 080 ## - NÚMERO DE LA CLASIFICACIÓN DECIMAL UNIVERSAL | |
| Número de la Clasificación Decimal Universal | 726.945(460.285 T.) |
| 080 ## - NÚMERO DE LA CLASIFICACIÓN DECIMAL UNIVERSAL | |
| Número de la Clasificación Decimal Universal | 73(460.285 T.) |
| 100 1# - ENTRADA PRINCIPAL--NOMBRE DE PERSONA | |
| Nombre de persona | Fernández Delgado, Juan José. |
| 9 (RLIN) | 49738 |
| 245 10 - MENCIÓN DEL TÍTULO | |
| Título | Placas, dedicatorias y estatuas en las calles de Toledo |
| Resto del título | : personajes históricos y literarios / |
| Mención de responsabilidad, etc. | Juan José Fernández Delgado. |
| 250 ## - MENCION DE EDICION | |
| Mención de edición | 1ª ed. |
| 260 ## - PUBLICACIÓN, DISTRIBUCIÓN, ETC. | |
| Lugar de publicación, distribución, etc. | Argés (Toledo) : |
| Nombre del editor, distribuidor, etc. | Covarrubias, |
| Fecha de publicación, distribución, etc. | 2009. |
| 300 ## - DESCRIPCIÓN FÍSICA | |
| Extensión | 310 p. : |
| Otras características físicas | il. col., fot. ; |
| Dimensiones | 21 cm. |
| 490 1# - MENCIÓN DE SERIE | |
| Mención de serie | Toletum |
| 504 ## - NOTA DE BIBLIOGRAFÍA, ETC. | |
| Nota de bibliografía, etc. | Bibliografía: p. 297-301. |
| 505 8# - NOTA DE CONTENIDO CON FORMATO | |
| Nota de contenido con formato | Contiene: Arquitectos, rejeros y escultores. Escritores. Políticos. Reyes y reinas. Juristas. Militares. Personajes de clerecía. Pintores y músicos. Personajes legendarios |
| 650 #7 - PUNTO DE ACCESO ADICIONAL DE MATERIA--TÉRMINO DE MATERIA | |
| Término de materia o nombre geográfico como elemento de entrada | Monumentos conmemorativos- |
| Subdivisión geográfica | Toledo. |
| 9 (RLIN) | 147419 |
| 650 #7 - PUNTO DE ACCESO ADICIONAL DE MATERIA--TÉRMINO DE MATERIA | |
| Término de materia o nombre geográfico como elemento de entrada | Placas conmemorativas- |
| Subdivisión geográfica | Toledo. |
| 9 (RLIN) | 147420 |
| 650 #7 - PUNTO DE ACCESO ADICIONAL DE MATERIA--TÉRMINO DE MATERIA | |
| Término de materia o nombre geográfico como elemento de entrada | Escultura- |
| Subdivisión geográfica | Toledo. |
| 9 (RLIN) | 147421 |
| 830 0# - PUNTO DE ACCESO ADICIONAL DE SERIE-TÍTULO UNIFORME | |
| Título uniforme | Toletum |
| 9 (RLIN) | 224363 |
| 852 ## - LOCALIZACIÓN | |
| Ubicación | ES-MaACL |
| Número de control de estantería | A-11410 |
| itemnumber | 185739 |
| Sublocalización o colección | R.145888 |
| Signatura antigua | Olim: N-4414 |
| Ubicación en estantería | Depósito 1 |
| Encuadernación | Donación: Juan José Fernández Delgado |
| Nota libre | Dedicatoria autógrafa del autor |
| 903 ## - NOMBRE PERSONAL DE DONANTE | |
| a | Fernández Delgado, Juan José |
| e | Donante |
| 9 | 49738 |
| 942 ## - ELEMENTOS DE ENTRADA SECUNDARIOS (KOHA) | |
| Fuente del sistema de clasificación o colocación | Clasificación decimal universal |
| Tipo de ítem Koha | Libro impreso |
| Estatus retirado | Estado de pérdida | Fuente del sistema de clasificación o colocación | Estado de daño | No para préstamo | Colección | Biblioteca de origen | Biblioteca actual | Ubicación en estantería | Fecha de adquisición | Fuente de adquisición | Total de préstamos | Signatura topográfica completa | Código de barras | Visto por última vez | Precio de reemplazo | Tipo de ítem Koha | Nota pública |
|---|---|---|---|---|---|---|---|---|---|---|---|---|---|---|---|---|---|
| Clasificación decimal universal | Libros con dedicatorias | Biblioteca del Ateneo de Madrid | Biblioteca del Ateneo de Madrid | Sala Pecera Planta 1 | 21/07/2011 | Donación | A-11410 | 1187895 | 23/02/2023 | 23/02/2023 | Libro impreso | Dedicatoria autógrafa del autor |
